Brawlers - mort subite - Statistiques

Statistiques générales
  • Ce quiz a été pris 124 fois
  • Le résultat moyen est 7 sur 15
Answers on the Grid
Answers color-coded by a green-red scale on the quiz's grid according to % correct below.
Fanette
Gaël
Colette
Béa
Grock
Stu
Bo
Nia
Nova
Edmond
Dynamike
Aly
Bull
Buzz
Chester
El primo
Gecko
Gus
Janet
Jinx
Jordan
Leon
Marcy
Marty
Polly
Rosana
Santa
Spike
 
Statistiques - réponses
Réponse % Correct
Dynamike
62%
Bull
55%
Leon
55%
Spike
55%
Bo
54%
Buzz
54%
Gus
52%
Colette
51%
Stu
51%
Polly
49%
Béa
48%
Chester
48%
Gaël
48%
Janet
45%
Jinx
8%
Aucun quiz correspondant
Distribution des résultats
% des personnes avec chaque résultat
Percentile par nombre de réponses
Votre historique - résultats
Vous n’avez pas pris ce quiz